Search the Library Catalogue
| 000 -LEADER | |
|---|---|
| fixed length control field | 00444nam a2200157Ia 4500 |
| 008 - FIXED-LENGTH DATA ELEMENTS--GENERAL INFORMATION | |
| fixed length control field | 191130s2009##################000#0#eng## |
| 020 ## - INTERNATIONAL STANDARD BOOK NUMBER | |
| ISBN | 9781742169491 |
| 082 ## - DEWEY DECIMAL CLASSIFICATION NUMBER | |
| Classification number | 658.800285 EVA |
| 100 ## - MAIN ENTRY--AUTHOR NAME | |
| Personal name | Evans, Rich |
| 245 ## - TITLE STATEMENT | |
| Title | Click here: make the internet work for your business |
| Statement of responsibility, etc | Rich Evans |
| 260 ## - PUBLICATION, DISTRIBUTION, ETC. (IMPRINT) | |
| Place of publication | Australia |
| Name of publisher | Wrightbooks |
| Year of publication | 2009 |
| 991 ## - | |
| -- | 89148 |
| Withdrawn status | Lost status | Damaged status | Not for loan | Home library | Current library | Shelving location | Date acquired | Full call number | Accession Number | Price effective from | Koha item type |
|---|---|---|---|---|---|---|---|---|---|---|---|
| Anna Centenary Library | Anna Centenary Library | 6TH FLOOR, B WING | 12.10.2020 | 658.800285 EVA | 130602 | 12.10.2020 | English Books |